Every Metro Area of New York - Statistics

General Stats
  • This quiz has been taken 37 times
  • The average score is 11 of 25
Answer Stats
Population City % Correct
20 030 000 New York
100%
1 140 000 Buffalo
94%
880 000 Albany
91%
1 080 000 Rochester
91%
660 000 Syracuse
88%
30 000 Utica
79%
10 000 Ithaca
62%
25 000 Binghamton
56%
19 000 Elmira-Corning
47%
12 000 Watertown
44%
8 000 Plattsburgh
41%
13 000 Jamestown
38%
13 000 Glens Falls
32%
18 000 Kingston
32%
6 000 Hudson
29%
5 000 Amsterdam
24%
8 000 Auburn
21%
6 000 Oneonta
21%
5 000 Cortland
18%
8 000 Olean
15%
4 000 Seneca Falls
15%
6 000 Batavia
12%
5 000 Gloversville
12%
11 000 Ogdensburg
12%
5 000 Malone
3%
No matching quizzes found
Score Distribution
Percent of People with Each Score
Percentile by Number Answered
Your Score History
You have not taken this quiz